000 00351nam a2200145Ia 4500
003 OSt
005 20260120113537.0
020 _a978-0-558-11934-8
040 _cLibrary of Congress
050 _aHF 5415.13 .P74 2008
100 _aPearson Custom Publishing
245 0 _aPrentice Hall Custom Business Resources
300 _a439P.
942 _cBK
_2lcc
999 _c80352
_d80352